Política y alineamientos sindicales (Registro nro. 5140)

Detalles MARC
000 -LEADER
fixed length control field 00885 a2200205 4500
001 - CONTROL NUMBER
control field 53221
005 - DATE AND TIME OF LATEST TRANSACTION
control field 20260407155806.0
008 - FIXED-LENGTH DATA ELEMENTS--GENERAL INFORMATION
fixed length control field 260407a1988 arg spa d
003 - CONTROL NUMBER IDENTIFIER
control field AR-UNSa-BCEJYS
040 ## - CATALOGING SOURCE
Original cataloging agency AR-UNSa-BCEJYS
Language of cataloging spa
Transcribing agency AR-UNSa-BCEJYS
080 ## - UNIVERSAL DECIMAL CLASSIFICATION NUMBER
Universal Decimal Classification number 331.105.44
Common auxiliary subdivision Organizaciones de empleados. Sindicatos
020 ## - INTERNATIONAL STANDARD BOOK NUMBER
International Standard Book Number 950-9889-22-9
100 1# - MAIN ENTRY--PERSONAL NAME
Personal name Lamadrid, Alejandro F.
245 10 - TITLE STATEMENT
Title Política y alineamientos sindicales
Name of part/section of a work Opiniones del nuevo cuadro gremial
264 #1 - PRODUCTION, PUBLICATION, DISTRIBUTION, MANUFACTURE, AND COPYRIGHT NOTICE
Place of production, publication, distribution, manufacture Buenos Aires :
Name of producer, publisher, distributor, manufacturer Fundación Friedrich Ebert
Date of production, publication, distribution, manufacture, or copyright notice 1988
300 ## - PHYSICAL DESCRIPTION
Extent 144 p.
Dimensions 19 cm.
505 ## - FORMATTED CONTENTS NOTE
Formatted contents note 1. Participación de los sindicatos en política - 2. Autonomía y mediación política - 3 Estrategias de acción del movimiento obrero - 4. Conclusiones - 5. Los alineamientos sindicales en 1869 - 6. Participación en política - 7. Conclusiones
590 ## - LOCAL NOTE (RLIN)
Local note niveau_biblio:m niveau_hierar:0
942 ## - ADDED ENTRY ELEMENTS (KOHA)
Koha item type
Existencias
Withdrawn status Lost status Damaged status Not for loan Home library Current library Shelving location Date acquired Total checkouts Full call number Barcode Date last seen Price effective from Koha item type
        Biblioteca Prof. Eusebio Cleto del Rey Biblioteca Prof. Eusebio Cleto del Rey   07/04/2026   331.105.44 L213 L45992 07/04/2026 07/04/2026 Libro